Word Ladder: That '70s Show's Dangerous Hangout Quiz Stats

 Plays Quiz Updated Sep 6, 2016

Challenge
Share
Tweet
Embed
Score 0/30 Timer 04:00
0 Plays Today
Clue 5-Letter Word % Correct
Applied color coatingPAINT
95.3%
▼ Direct with a finger; pencil end ▼▼ POINT ▼
94.5%
▼ H2O ▼▼ WATER ▼
91.9%
Beehive productHONEY
89.7%
New Orleans footballerSAINT
85.9%
Airborne vehicle or flat surfacePLANE
85.3%
▼ Rapunzel's prison; Pisa landmark ▼▼ TOWER ▼
84.6%
▼ Come in second ▼▼ PLACE ▼
84.2%
Nobel Prize categoryPEACE
82.4%
Short tubular pasta noodlesPENNE
80.7%
Inspector Gadget's niecePENNY
79.7%
Move to and fro or between opinionsWAVER
78.8%
Person who sharpens blades with a whetstoneHONER
78%
Mars explorerROVER
78%
Hang like a hummingbirdHOVER
77.6%
Clue 5-Letter Word % Correct
Idaho product, informally; home run slangTATER
77%
Strong unpleasant smellSTINK
76.9%
Fractions of a poundPENCE
76.5%
2008 film starring Liam NeesonTAKEN
76%
Pirate's 'last mile'PLANK
75.5%
A non-monetary coinTOKEN
74.3%
One going clubbing, maybeRAVER
74.1%
Late English comedian and actor ___ HillBENNY
74.1%
A short period of timeSTINT
72.5%
'I'm a midnight ___!'TOKER
72.2%
One who accepts a betTAKER
72%
Move stealthilySLINK
71.9%
Short, sharp, metallic soundPLINK
68.8%
Very beautiful, like a lassBONNY
60.5%
Jazz saxophonist JamesBONEY
59.6%

Today's Daily Dose

You're not logged in!

Compare scores with friends on all Sporcle quizzes.
OR
Log In

You Might Also Like...

Show Comments

Extras

Top Quizzes Today


Score Distribution

Your Account Isn't Verified!

In order to create a playlist on Sporcle, you need to verify the email address you used during registration. Go to your Sporcle Settings to finish the process.

Report this User

Report this user for behavior that violates our Community Guidelines.

Details: